[Event "Titled Tue 26th Aug Early"]
[Site "chess.com INT"]
[Date "2025.08.26"]
[Round "11"]
[White "Carafizi, Vasile"]
[Black "Shapiro, Daniel"]
[Result "0-1"]
[WhiteTitle "FM"]
[BlackTitle "FM"]
[WhiteElo "2134"]
[BlackElo "2284"]
[WhiteFideId "4002539"]
[BlackFideId "2001780"]
[EventDate "2025.08.26"]

1. e4 c5 2. Nf3 Nc6 3. d4 cxd4 4. Nxd4 Nf6 5. Nc3 d6 6. Bg5 Qb6 7. Nb3 e6 8. Qd2
a6 9. O-O-O Be7 10. f4 Qc7 11. Be2 O-O 12. g4 Rd8 13. Bxf6 Bxf6 14. g5 Be7 15.
h4 b5 16. Qe3 Bb7 17. Bf3 Rac8 18. h5 b4 19. Na4 Ne5 20. Rd2 Nxf3 21. Qxf3 Qc6
22. g6 Bf6 23. Qg4 Qxa4 24. gxf7+ Kxf7 25. e5 Bxh1 26. exf6 gxf6 27. h6 Rg8 28.
Qh5+ Ke7 29. Qxh1 Qc6 30. Qe1 Qb6 31. Nd4 d5 32. Re2 Qxd4 33. Rxe6+ Kd7 34. Re7+
Kd8 35. Rg7 Re8 36. Qd1 Qxd1+ 37. Kxd1 Rc7 38. Rg3 Rce7 39. Kd2 Kd7 40. Kd3 Ke6
41. Kd4 Rc8 42. Rg2 Rc4+ 43. Kd3 Rxf4 0-1

[Event "Titled Tue 26th Aug Early"]
[Site "chess.com INT"]
[Date "2025.08.26"]
[Round "11"]
[White "Ejsymont, Blanka"]
[Black "Salasan, Haran"]
[Result "0-1"]
[WhiteTitle "WCM"]
[BlackTitle "CM"]
[WhiteElo "2071"]
[BlackElo "2059"]
[WhiteFideId "21088268"]
[BlackFideId "3221253"]
[EventDate "2025.08.26"]

1. Nf3 d5 2. g3 Nf6 3. Bg2 g6 4. O-O Bg7 5. d3 O-O 6. c4 c6 7. Nc3 Bg4 8. h3
Bxf3 9. Bxf3 d4 10. Ne4 Nxe4 11. Bxe4 Qd7 12. Bg2 e5 13. Rb1 a5 14. a3 a4 15. b4
axb3 16. Qxb3 Na6 17. Qxb7 Qxb7 18. Rxb7 Nc5 19. Rb6 Na4 20. Rxc6 Nc3 21. Re1
Rab8 22. Bd2 Rb2 23. Bxc3 dxc3 24. c5 Rfb8 25. Rb6 R8xb6 26. cxb6 c2 27. b7 Rb1
28. Kh2 Bf8 29. d4 Rxe1 30. b8=Q c1=Q 31. Qxe5 Qxa3 32. d5 Rb1 33. Qe8 Qe7 34.
Qc6 Qxe2 35. d6 Qd1 36. g4 Bxd6+ 37. f4 Bxf4# 0-1

[Event "Titled Tue 26th Aug Early"]
[Site "chess.com INT"]
[Date "2025.08.26"]
[Round "11"]
[White "Gbiorczyk, Mikolaj"]
[Black "Banzea, Alexandru-Bogdan"]
[Result "0-1"]
[WhiteTitle "CM"]
[BlackTitle "IM"]
[WhiteElo "2070"]
[BlackElo "2394"]
[WhiteFideId "21080763"]
[BlackFideId "1232622"]
[EventDate "2025.08.26"]

1. d4 Nf6 2. Nc3 d5 3. Bf4 g6 4. e3 Bg7 5. h4 h5 6. Nf3 c6 7. Ne5 Qb6 8. a3 Nbd7
9. Bd3 Nxe5 10. Bxe5 Kf8 11. O-O Nd7 12. Bxg7+ Kxg7 13. e4 Qxd4 14. Ne2 Qf6 15.
exd5 cxd5 16. Nc3 e6 17. g3 Ne5 18. Be2 Bd7 19. Qd2 Rac8 20. Rfd1 Nc4 21. Bxc4
Rxc4 22. Ne2 Qxb2 23. Rab1 Qxc2 24. Rxb7 Ba4 25. Qxc2 Bxc2 26. Rd2 Be4 27. Rd1
Bf3 28. Re1 Re4 29. Kf1 Rc8 30. Nf4 Kf6 31. Rxa7 Rxe1+ 32. Kxe1 e5 33. Ra6+ Kf5
34. Nd3 Rc2 35. Nb4 Re2+ 36. Kf1 d4 37. Ra5 Rb2 0-1

[Event "Titled Tue 26th Aug Early"]
[Site "chess.com INT"]
[Date "2025.08.26"]
[Round "11"]
[White "Kocharin, Timur"]
[Black "Sai, Han Thiha"]
[Result "0-1"]
[WhiteTitle "FM"]
[BlackTitle "FM"]
[WhiteElo "2310"]
[BlackElo "2117"]
[WhiteFideId "16240936"]
[BlackFideId "13012290"]
[EventDate "2025.08.26"]

1. d4 Nf6 2. h4 d5 3. Nc3 c5 4. e3 Nc6 5. h5 h6 6. Be2 Bf5 7. a3 e5 8. Nf3 e4 9.
Ne5 Rc8 10. Nxc6 bxc6 11. dxc5 Bxc5 12. b4 Bd6 13. Bb2 O-O 14. Na4 Nd7 15. g4
Bh7 16. Qd2 Be5 17. Bxe5 Nxe5 18. Qd4 Nd7 19. Nc5 Nb6 20. c3 Qe7 21. a4 Nd7 22.
Kd2 Ne5 23. a5 Rfd8 24. Rhg1 f6 25. a6 Kh8 26. Kc2 Rb8 27. Qd2 Rb6 28. Nb7 Rb8
29. Nc5 Nd3 30. Nxd3 exd3+ 31. Bxd3 Bxd3+ 32. Qxd3 c5 33. Qxd5 cxb4 34. Rab1 b3+
35. Kb2 Rd6 36. Qc4 Rd2+ 37. Kc1 Rc2+ 38. Kd1 Rd8+ 39. Ke1 Qe5 40. Qxb3 Rxc3 41.
Qb2 Rdc8 42. Kf1 Qe4 43. Rd1 Rc2 44. Qb3 Qf3 45. Rd8+ Rxd8 46. Qxc2 Rd1+ 47.
Qxd1 Qxd1+ 48. Kg2 Qxg4+ 49. Kh2 Qxh5+ 50. Kg2 0-1

[Event "Titled Tue 26th Aug Early"]
[Site "chess.com INT"]
[Date "2025.08.26"]
[Round "11"]
[White "Drygalov, Sergey"]
[Black "Terry, Renato"]
[Result "0-1"]
[WhiteTitle "GM"]
[BlackTitle "IM"]
[WhiteElo "2560"]
[BlackElo "2508"]
[WhiteFideId "24171743"]
[BlackFideId "3803457"]
[EventDate "2025.08.26"]

1. d4 e6 2. c4 b6 3. Nc3 Bb4 4. Bd2 Bb7 5. Nf3 f5 6. g3 Nf6 7. Bg2 O-O 8. O-O
Bxc3 9. Bxc3 Ne4 10. Rc1 d6 11. d5 Nxc3 12. Rxc3 e5 13. e4 f4 14. Nh4 Bc8 15. b4
a5 16. a3 axb4 17. axb4 Qf6 18. c5 bxc5 19. bxc5 Na6 20. cxd6 cxd6 21. Rc6 Bd7
22. Nf5 Bxf5 23. exf5 Nc5 24. Qc2 Rad8 25. g4 h5 26. h3 Qg5 27. f3 Rf6 28. Re1
Qh4 29. Rf1 hxg4 30. fxg4 g6 31. fxg6 Rdf8 32. g7 Kxg7 33. Rc7+ Kg8 34. Rf3 R8f7
35. Rxf7 Kxf7 36. Ra3 Kg7 37. Kh2 Rf7 0-1

[Event "Titled Tue 26th Aug Early"]
[Site "chess.com INT"]
[Date "2025.08.26"]
[Round "11"]
[White "Buscar, Michael"]
[Black "Buchenau, Frank"]
[Result "0-1"]
[BlackTitle "FM"]
[WhiteElo "2015"]
[BlackElo "2205"]
[WhiteFideId "2603616"]
[BlackFideId "4604350"]
[EventDate "2025.08.26"]

1. d4 e6 2. c4 Nf6 3. Nc3 Bb4 4. e3 O-O 5. Nf3 c5 6. Bd3 Bxc3+ 7. bxc3 d6 8. O-O
Nc6 9. e4 e5 10. Bg5 h6 11. Bh4 g5 12. Bg3 Bg4 13. Rb1 b6 14. Qa4 Bd7 15. Qa6 g4
16. Nh4 cxd4 17. Nf5 Bxf5 18. exf5 e4 19. Bc2 d3 20. Ba4 Ne5 21. Rbd1 Qc7 22.
Bb5 Qc8 23. Rfe1 Qxf5 24. Qa3 Rfd8 25. Qc1 Kg7 26. Bf4 h5 27. Bh6+ Kg6 28. Bg5
Rg8 29. Bh4 Kh7 30. Bxf6 Qxf6 31. Rxe4 Rac8 32. Qe3 Qf5 33. Rf4 Qg6 34. Kh1 h4
35. Ba6 Rce8 36. Qd4 Nc6 37. Qd5 Ne5 38. Bb7 Re7 39. Ba6 Qg5 40. c5 Qxf4 41.
Bxd3+ Nxd3 42. Qxd3+ Qe4 43. cxd6 Qxd3 44. Rg1 Qxd6 0-1

[Event "Titled Tue 26th Aug Early"]
[Site "chess.com INT"]
[Date "2025.08.26"]
[Round "11"]
[White "Manvelyan, Mikayel"]
[Black "Mummana Venkata Ruthvik"]
[Result "1-0"]
[WhiteTitle "FM"]
[BlackTitle "CM"]
[WhiteElo "2386"]
[BlackElo "2237"]
[WhiteFideId "13310143"]
[BlackFideId "25697307"]
[EventDate "2025.08.26"]

1. d4 Nf6 2. c4 g6 3. g3 Bg7 4. Bg2 d6 5. Nf3 O-O 6. O-O Nc6 7. d5 Na5 8. Nfd2
c5 9. Nc3 Bd7 10. e4 a6 11. a4 Rb8 12. Qc2 b5 13. axb5 axb5 14. cxb5 Bxb5 15.
Nxb5 Rxb5 16. Re1 Qb6 17. Bf1 Rb4 18. Nc4 Nxc4 19. Bxc4 Nd7 20. Ra6 Qb7 21. b3
Ne5 22. Qa2 Nf3+ 23. Kf1 Nxe1 24. Kxe1 Qc8 25. Kf1 h5 26. Kg2 h4 27. f3 hxg3 28.
hxg3 f5 29. Qe2 Rb7 30. Rc6 Rc7 31. Rxc7 Qxc7 32. exf5 gxf5 33. Qe6+ Rf7 34. Bd3
Kf8 35. Bg5 Bf6 36. Bf4 Be5 37. Bh6+ Bg7 38. Bg5 Bf6 39. Bd2 Qa7 40. Bh6+ Kg8
41. Bxf5 Qa2+ 42. Kh3 Qf2 43. Qc8+ Rf8 44. Qxf8# 1-0

[Event "Titled Tue 26th Aug Early"]
[Site "chess.com INT"]
[Date "2025.08.26"]
[Round "11"]
[White "Gabrielian, Artur"]
[Black "Galchenko, Matvey"]
[Result "1-0"]
[WhiteTitle "GM"]
[BlackTitle "IM"]
[WhiteElo "2407"]
[BlackElo "2435"]
[WhiteFideId "4131002"]
[BlackFideId "24175480"]
[EventDate "2025.08.26"]

1. Nf3 c5 2. g3 g6 3. Bg2 Bg7 4. O-O Nc6 5. d3 e5 6. c4 Nge7 7. Nc3 d6 8. Ne1
Be6 9. Nc2 d5 10. cxd5 Nxd5 11. Ne3 Nde7 12. Bd2 O-O 13. Rc1 Rc8 14. h4 h6 15.
Nc4 b6 16. Re1 Qd7 17. a3 f5 18. Qa4 Kh7 19. Red1 Rb8 20. b4 cxb4 21. axb4 b5
22. Nxb5 Nd4 23. Nxd4 Qxa4 24. Nxe6 Rfc8 25. Ra1 Qd7 26. Nxg7 Kxg7 27. Nxe5 Qe6
28. Nc4 a6 29. Ra5 Rb5 30. Raa1 Nd5 31. Bf3 Nxb4 32. Ra4 Nd5 33. Rda1 Nc7 34.
Bf4 Rc5 35. Kg2 Qf6 36. Nd6 Rf8 37. d4 Rc2 38. Be5 g5 39. hxg5 hxg5 40. Bxf6+
Kg6 41. Be5 Ne6 42. Rxa6 1-0

[Event "Titled Tue 26th Aug Early"]
[Site "chess.com INT"]
[Date "2025.08.26"]
[Round "11"]
[White "Ivannikov, Maksim"]
[Black "Livaic, Leon"]
[Result "1-0"]
[WhiteTitle "CM"]
[BlackTitle "GM"]
[WhiteElo "2100"]
[BlackElo "2550"]
[WhiteFideId "34275339"]
[BlackFideId "14531534"]
[EventDate "2025.08.26"]

1. e4 d6 2. d4 Nf6 3. Nc3 e5 4. Nge2 c6 5. a4 Be7 6. h3 O-O 7. g4 exd4 8. Nxd4
d5 9. Bg2 Nxe4 10. Nxe4 dxe4 11. O-O Bf6 12. Ne2 Nd7 13. Ng3 Nc5 14. Nxe4 Nxe4
15. Bxe4 Be6 16. Qf3 Re8 17. Rd1 Qe7 18. Re1 Bd5 19. g5 Bxe4 20. gxf6 Bxf3 21.
fxe7 f6 22. Bd2 Kf7 23. Bb4 Rac8 24. Bd6 c5 25. Re3 Bh5 26. Rc3 b6 27. Rd3 Rc6
28. Rd2 Bg6 29. c3 Rec8 30. a5 Ke8 31. axb6 axb6 32. Ra7 Bf7 33. Bg3 Be6 34. Rb7
h5 35. h4 g5 36. Kh2 Kf7 37. b4 Re8 38. b5 1-0

[Event "Titled Tue 26th Aug Early"]
[Site "chess.com INT"]
[Date "2025.08.26"]
[Round "11"]
[White "Fernandes, Rogerio Paulo Muller"]
[Black "Pertinez Soria, Juan Luis"]
[Result "0-1"]
[BlackTitle "CM"]
[WhiteElo "2241"]
[BlackElo "2125"]
[WhiteFideId "2101599"]
[BlackFideId "2225620"]
[EventDate "2025.08.26"]

1. c4 e5 2. g3 Nf6 3. Bg2 d5 4. cxd5 Nxd5 5. Nc3 Nb6 6. d3 Be7 7. Nf3 Nc6 8. O-O
O-O 9. Be3 Be6 10. a3 a5 11. Rc1 f6 12. Na4 Nd5 13. Bc5 Bf7 14. Bxe7 Qxe7 15.
Nc5 b6 16. Ne4 Qe6 17. Qb3 Nd4 18. Nxd4 exd4 19. Qc4 c5 20. Rfe1 Rad8 21. Nd2
Rfe8 22. Qb5 f5 23. Nc4 Rb8 24. e4 fxe4 25. Rxe4 Qh6 26. Rce1 Rxe4 27. Bxe4 Nf6
28. Bf3 Qg6 29. Ne5 Qf5 30. Kg2 Be8 31. Qa6 h5 32. Qa7 Rd8 33. Qxb6 Rc8 34. Qb7
h4 35. g4 Qe6 0-1

[Event "Titled Tue 26th Aug Early"]
[Site "chess.com INT"]
[Date "2025.08.26"]
[Round "11"]
[White "Saydaliev, Saidakbar"]
[Black "Rustemov, Alexander"]
[Result "1-0"]
[WhiteTitle "IM"]
[BlackTitle "GM"]
[WhiteElo "2455"]
[BlackElo "2525"]
[WhiteFideId "14203693"]
[BlackFideId "4119002"]
[EventDate "2025.08.26"]

1. Nf3 d5 2. g3 c6 3. Bg2 Bf5 4. O-O e6 5. d3 h6 6. c4 dxc4 7. dxc4 Nd7 8. Nc3
Ngf6 9. Nd4 Bg6 10. e4 Ne5 11. b3 Bc5 12. Be3 Qe7 13. Qe2 Neg4 14. Nc2 Nxe3 15.
fxe3 O-O 16. h3 Rad8 17. Rad1 Nd7 18. Na4 Bd6 19. Qf2 Ne5 20. Nd4 Rd7 21. Ne2
Rfd8 22. Nf4 Bh7 23. Rd4 b5 24. cxb5 cxb5 25. Nc3 a6 26. Nce2 Bc5 27. Rxd7 Rxd7
28. Nd4 Qd6 29. Rd1 Qb6 30. Kh2 Rd8 31. Qb2 Re8 32. Ndxe6 Bd6 33. Nd4 Qb8 34.
Nf5 Bc7 35. Nd5 Bxf5 36. exf5 f6 37. Nf4 Kh7 38. Ne6 Bd6 39. Qd4 Ba3 40. Qd5 Re7
41. Qd8 Qxd8 42. Rxd8 Rd7 43. Ra8 Rd2 44. Kg1 Bc1 45. Nf8+ Kg8 46. Ng6+ Kf7 47.
Rf8# 1-0

[Event "Titled Tue 26th Aug Early"]
[Site "chess.com INT"]
[Date "2025.08.26"]
[Round "11"]
[White "Molina, Roberto Junio Brito"]
[Black "Fedorov, Artem Alek"]
[Result "1/2-1/2"]
[WhiteTitle "IM"]
[BlackTitle "CM"]
[WhiteElo "2378"]
[BlackElo "2093"]
[WhiteFideId "2109450"]
[BlackFideId "34418431"]
[EventDate "2025.08.26"]

1. d4 Nf6 2. e3 g6 3. Nf3 Bg7 4. b3 O-O 5. Bb2 d6 6. c4 a5 7. a3 c5 8. Be2 cxd4
9. Nxd4 Nc6 10. O-O Nxd4 11. Bxd4 Be6 12. Nc3 Nd7 13. Bxg7 Kxg7 14. Qd4+ f6 15.
Bf3 Nc5 16. Rab1 a4 17. b4 Nb3 18. Qd3 Rc8 19. Nd5 Bf7 20. Rfd1 g5 21. Bg4 Rc6
22. e4 e5 23. Ne3 Nd4 24. Rd2 Qc7 25. Nd5 Bxd5 26. cxd5 Rc3 27. Qf1 Rxa3 28. Qd1
Rc3 29. Qxa4 Rc1+ 30. Rxc1 Qxc1+ 31. Rd1 Qc7 32. h4 h6 33. h5 b5 34. Qa5 Qxa5
35. bxa5 Ra8 36. Rc1 Rxa5 37. Rc7+ Kf8 38. Rb7 Ra1+ 39. Kh2 Rb1 40. Be6 b4 41.
Rf7+ Ke8 1/2-1/2

[Event "Titled Tue 26th Aug Early"]
[Site "chess.com INT"]
[Date "2025.08.26"]
[Round "11"]
[White "Wen, Gehua"]
[Black "Mekhitarian, Krikor Sevag"]
[Result "0-1"]
[WhiteTitle "CM"]
[BlackTitle "GM"]
[WhiteElo "2196"]
[BlackElo "2549"]
[WhiteFideId "8603430"]
[BlackFideId "2107660"]
[EventDate "2025.08.26"]

1. d4 Nf6 2. Nf3 d5 3. Bf4 c5 4. e3 Nc6 5. c3 Qb6 6. Qc2 g6 7. Nbd2 Bf5 8. dxc5
Qxc5 9. Qa4 Bg7 10. Nd4 Bd7 11. Nxc6 Bxc6 12. Qd4 Qa5 13. Nb3 Qd8 14. Be5 O-O
15. Be2 Ne8 16. Bxg7 Nxg7 17. O-O-O Qc7 18. Bf3 Rad8 19. g4 e5 20. Qd2 a5 21.
Kb1 a4 22. Nc1 a3 23. b3 f5 24. gxf5 Rxf5 25. Bg4 Rf6 26. Rhe1 Rdf8 27. Nd3 Kh8
28. f4 e4 29. Nb4 h5 30. Bh3 Kh7 31. Qd4 g5 32. fxg5 Rf2 33. Rd2 Qxh2 34. g6+
Kh6 35. Rxf2 Rxf2 36. c4 dxc4 37. Bc8 cxb3 38. axb3 Rb2+ 39. Ka1 Rxb3 40. Na2 h4
41. Rc1 Qb2+ 0-1

[Event "Titled Tue 26th Aug Early"]
[Site "chess.com INT"]
[Date "2025.08.26"]
[Round "11"]
[White "Sarkar, Justin"]
[Black "Dicen, Elis Denele"]
[Result "1-0"]
[WhiteTitle "IM"]
[BlackTitle "WFM"]
[WhiteElo "2286"]
[BlackElo "2069"]
[WhiteFideId "2010011"]
[BlackFideId "462560"]
[EventDate "2025.08.26"]

1. d4 d5 2. c3 Nf6 3. Bf4 c5 4. dxc5 Nc6 5. Nf3 e6 6. b4 a5 7. b5 Na7 8. e3 Bxc5
9. Be2 O-O 10. O-O Bd7 11. a4 Qe7 12. c4 Nc8 13. Nc3 Nb6 14. cxd5 Nbxd5 15. Nxd5
Nxd5 16. Be5 f6 17. Bb2 Rac8 18. Qb3 b6 19. Rfd1 Rfd8 20. Bc4 Nb4 21. Rxd7 Rxd7
22. Bxe6+ Kh8 23. Bxd7 Qxd7 24. Rd1 Qe7 25. h3 h6 26. Nd4 Rd8 27. Nc6 Nxc6 28.
bxc6 Rc8 29. Rd7 Qe8 30. Qd5 Qg6 31. c7 Kh7 32. Bd4 Qb1+ 33. Kh2 Bxd4 34. exd4
Qc2 35. Qd6 Qxf2 36. Rd8 Qf5 37. Rxc8 Qxc8 38. Qd8 Qf5 39. c8=Q Qf4+ 40. Kg1
Qe3+ 41. Kf1 Qd3+ 42. Ke1 Qe3+ 43. Kd1 Qb3+ 44. Kd2 Qb4+ 45. Qc3 Qxa4 46. Qd3+
g6 47. Qe7+ Kg8 48. Qc3 Qa2+ 49. Kd3 Qb1+ 50. Qc2 Qf1+ 51. Kc3 f5 52. Qb3+ Kh8
53. Qf8+ Kh7 54. Qbg8# 1-0

[Event "Titled Tue 26th Aug Early"]
[Site "chess.com INT"]
[Date "2025.08.26"]
[Round "11"]
[White "Sharshenbekov, Emir"]
[Black "Setumadhav, Yellumahanthi"]
[Result "1-0"]
[WhiteTitle "CM"]
[BlackTitle "FM"]
[WhiteElo "2175"]
[BlackElo "2226"]
[WhiteFideId "13810634"]
[BlackFideId "25920669"]
[EventDate "2025.08.26"]

1. e4 e5 2. Nf3 Nc6 3. Nc3 Nf6 4. Bb5 Nd4 5. Bc4 Bc5 6. O-O d6 7. h3 Nxf3+ 8.
Qxf3 c6 9. d3 a5 10. a4 h6 11. Be3 Bb4 12. d4 Bxc3 13. bxc3 Qe7 14. dxe5 dxe5
15. Qg3 Be6 16. Bxe6 Qxe6 17. Qxg7 Rg8 18. Qxh6 O-O-O 19. Rad1 Rde8 20. f3 Rh8
21. Qg5 Reg8 22. Qf5 Qxf5 23. exf5 Nd5 24. Bd2 Rxh3 25. Kf2 Rh2 26. Rg1 Nf6 27.
Rde1 e4 28. Bf4 Rh4 29. Be5 Nd7 30. Bg3 e3+ 31. Rxe3 Rxa4 32. Rge1 Nf6 33. Be5
Nd5 34. Re4 Ra2 35. R1e2 a4 36. c4 Nb4 37. Bc3 Nxc2 38. Rd2 a3 39. Ree2 1-0

[Event "Titled Tue 26th Aug Early"]
[Site "chess.com INT"]
[Date "2025.08.26"]
[Round "11"]
[White "Karthik, Sai Ch"]
[Black "Harriott, Tyrell"]
[Result "0-1"]
[WhiteTitle "CM"]
[WhiteElo "2159"]
[BlackElo "1933"]
[WhiteFideId "46649484"]
[BlackFideId "2086484"]
[EventDate "2025.08.26"]

1. e4 d5 2. exd5 Nf6 3. Nf3 Qxd5 4. Be2 Bg4 5. d4 Nc6 6. c4 Qh5 7. d5 O-O-O 8.
Qa4 Ne5 9. Nxe5 Bxe2 10. Bf4 a6 11. Nc3 g5 12. Nxe2 gxf4 13. Nf3 Qg4 14. Rg1 Bg7
15. O-O-O Ne4 16. Qc2 Nd6 17. Kb1 h5 18. h3 Qd7 19. Nxf4 Kb8 20. Nd3 Ne4 21. Qb3
Qf5 22. Ka1 Rh6 23. Rge1 Rb6 24. Qc2 Nc5 25. Nh4 Qh7 26. Rd2 Nxd3 27. Qxd3 Bxb2+
28. Kb1 Qxd3+ 29. Rxd3 Bc3+ 30. Kc2 Bxe1 31. Rf3 f6 32. Nf5 Bb4 33. Re3 Re8 34.
Re4 Bc5 35. Ng7 Rg8 36. Ne6 Bd6 37. c5 Bxc5 38. Nxc5 Kc8 39. Rxe7 Rd6 40. Ne6
Rxd5 41. Rxc7+ Kb8 42. Rf7 Rd6 0-1

[Event "Titled Tue 26th Aug Early"]
[Site "chess.com INT"]
[Date "2025.08.26"]
[Round "11"]
[White "Jimenez Salas, Maria Teresa"]
[Black "Piesik, Piotr"]
[Result "0-1"]
[WhiteTitle "WIM"]
[BlackTitle "IM"]
[WhiteElo "2249"]
[BlackElo "2427"]
[WhiteFideId "3843866"]
[BlackFideId "1136194"]
[EventDate "2025.08.26"]

1. e4 g6 2. d4 Bg7 3. Nc3 c6 4. f4 d5 5. e5 Nh6 6. Nf3 Bg4 7. Be3 Nf5 8. Bf2 h5
9. Bd3 e6 10. h3 Bxf3 11. Qxf3 h4 12. O-O Bf8 13. Ne2 Nd7 14. c3 Qb6 15. b4 a5
16. a3 Be7 17. Rfb1 Qc7 18. b5 Nb6 19. bxc6 bxc6 20. Rc1 O-O 21. c4 Nxc4 22.
Bxc4 dxc4 23. Rxc4 Rfc8 24. Rac1 Qb7 25. Rxc6 Rxc6 26. Rxc6 Bxa3 27. d5 exd5 28.
Qxd5 Kh7 29. Qc4 Rf8 30. Kh2 Qb4 31. Qd5 Ne7 32. Qc4 Nxc6 33. Qxc6 Qe7 34. Ng1
Qe6 35. Qb5 Qf5 36. Qc4 Rc8 37. Qd4 Bc5 38. Qd2 Bxf2 39. Qxf2 g5 40. Ne2 Rc4 41.
Qe1 a4 42. fxg5 Qxe5+ 43. Kh1 Qxg5 44. Qb1+ Qg6 45. Qa2 Rc2 46. Qxa4 Rxe2 47.
Qxh4+ Qh6 48. Qc4 Re1+ 49. Kh2 Qd6+ 50. g3 Qd2+ 0-1

[Event "Titled Tue 26th Aug Early"]
[Site "chess.com INT"]
[Date "2025.08.26"]
[Round "11"]
[White "Krysa, Leandro"]
[Black "Shimanov, Aleksandr"]
[Result "0-1"]
[WhiteTitle "GM"]
[BlackTitle "GM"]
[WhiteElo "2468"]
[BlackElo "2578"]
[WhiteFideId "116807"]
[BlackFideId "4198603"]
[EventDate "2025.08.26"]

1. e4 c6 2. d4 d5 3. exd5 cxd5 4. Bd3 Nc6 5. c3 Qc7 6. h3 e6 7. Nf3 Bd6 8. O-O
Nf6 9. b3 b6 10. c4 O-O 11. Nc3 dxc4 12. bxc4 Bb7 13. Bg5 Be7 14. Rc1 Qd8 15.
Bb1 Rc8 16. d5 exd5 17. cxd5 Nb4 18. Re1 h6 19. Bh4 Re8 20. Ne5 Nbxd5 21. Nxd5
Qxd5 22. Qxd5 Bxd5 23. Rxc8 Rxc8 24. Nd7 Be6 25. Nxf6+ Bxf6 26. Bxf6 gxf6 27.
Kh2 Rc3 28. Re2 Ra3 29. f3 b5 30. Kg3 b4 31. Kf4 a5 32. g4 Kg7 33. h4 Bd5 34.
Rf2 Rc3 35. Bf5 a4 36. Bd7 b3 37. axb3 Rxb3 38. g5 hxg5+ 39. hxg5 a3 40. gxf6+
Kxf6 41. Rd2 Rxf3+ 42. Kg4 Ke5 43. Be8 Rf4+ 44. Kg3 a2 45. Rd1 Ra4 0-1

[Event "Titled Tue 26th Aug Early"]
[Site "chess.com INT"]
[Date "2025.08.26"]
[Round "11"]
[White "Romero Ruscalleda, Josep"]
[Black "Swarna Nihal"]
[Result "1/2-1/2"]
[WhiteTitle "FM"]
[BlackTitle "FM"]
[WhiteElo "2110"]
[BlackElo "2366"]
[WhiteFideId "2231859"]
[BlackFideId "25683640"]
[EventDate "2025.08.26"]

1. e4 c5 2. c3 d5 3. exd5 Qxd5 4. Nf3 g6 5. Na3 Bg7 6. Bc4 Qd8 7. O-O Nf6 8. h3
O-O 9. Nc2 Nc6 10. d4 cxd4 11. Ncxd4 Na5 12. Bd3 Qb6 13. Qe2 Nd5 14. Re1 Nc6 15.
Nxc6 bxc6 16. Bc4 Re8 17. Bg5 Rb8 18. Rab1 Bf5 19. Bd3 Bxd3 20. Qxd3 Qa5 21. a3
e5 22. Qc4 Qb5 23. Nd2 Nb6 24. Qh4 Qd5 25. Ne4 f5 26. Nf6+ Bxf6 27. Bxf6 Qc5 28.
Qh6 Qf8 29. Qxf8+ Kxf8 30. Bxe5 Rbd8 31. Bd4 Kf7 32. Kf1 Nc4 33. Rxe8 Rxe8 34.
Kg1 a6 35. b3 Nxa3 36. Ra1 Nb5 37. Rxa6 Nxd4 38. cxd4 Rb8 39. Rxc6 Rxb3 40. Rc7+
Ke6 41. Rxh7 Rd3 42. Rg7 Kf6 43. Rd7 Ke6 44. Rd8 Ke7 45. Rg8 Kf7 46. Ra8 Rxd4
47. g3 g5 48. Kg2 Kg6 49. Ra6+ Kh5 50. Ra5 Kg6 51. Ra6+ Kh5 52. Kf3 g4+ 53.
hxg4+ fxg4+ 54. Ke3 Rb4 55. Ra5+ Kg6 56. Re5 Rb3+ 57. Kf4 Rf3+ 58. Kxg4 Rxf2 59.
Re6+ Kf7 60. Ra6 Rb2 61. Kh5 Rb5+ 62. Kh4 Kg7 63. g4 Rc5 64. g5 Rc1 65. Rf6 Rh1+
66. Kg4 Rg1+ 67. Kf5 Rf1+ 68. Ke6 Re1+ 69. Kf5 Rf1+ 70. Ke5 Re1+ 71. Kf5 Rf1+ 1/2-1/2

[Event "Titled Tue 26th Aug Early"]
[Site "chess.com INT"]
[Date "2025.08.26"]
[Round "11"]
[White "Srihari, L R"]
[Black "Vlassov, Nikolai"]
[Result "1-0"]
[WhiteTitle "GM"]
[BlackTitle "IM"]
[WhiteElo "2482"]
[BlackElo "2301"]
[WhiteFideId "46617116"]
[BlackFideId "4103360"]
[EventDate "2025.08.26"]

1. c4 e5 2. Nc3 Nf6 3. Nf3 e4 4. Ng5 c6 5. Qa4 b5 6. cxb5 d5 7. bxc6 Qb6 8. c7+
Nc6 9. e3 Bd7 10. Qa6 Qxc7 11. a3 Be7 12. Bb5 O-O 13. O-O Ng4 14. f4 Bxg5 15. h3
d4 16. Nxe4 Be7 17. hxg4 Rab8 18. Nf2 Rb6 19. Qa4 Rd8 20. b4 a6 21. Bxc6 Bxc6
22. Qb3 Bd5 23. Qb1 Rh6 24. Bb2 Ba8 25. Rc1 Qb7 26. e4 Bh4 27. d3 Qb8 28. Nh3
Bg3 29. Rf1 Rxh3 30. gxh3 Bxf4 31. Qe1 Be3+ 32. Kg2 Rc8 33. Qe2 Qd6 34. Bc1 Rc3
35. Bxe3 dxe3 36. Rad1 Rxa3 37. Qxe3 h6 38. Qc5 Qe6 39. Rf2 1-0

[Event "Titled Tue 26th Aug Early"]
[Site "chess.com INT"]
[Date "2025.08.26"]
[Round "11"]
[White "Skliarov, Viktor"]
[Black "Dreelinck, Jacob"]
[Result "1-0"]
[WhiteTitle "IM"]
[BlackTitle "FM"]
[WhiteElo "2334"]
[BlackElo "2278"]
[WhiteFideId "14106736"]
[BlackFideId "250511"]
[EventDate "2025.08.26"]

1. e4 e5 2. Nc3 Nc6 3. Bc4 Nf6 4. d3 Bc5 5. a3 d6 6. h3 a6 7. Nge2 O-O 8. Ng3
Be6 9. Nd5 Bxd5 10. exd5 Ne7 11. Qf3 c6 12. dxc6 bxc6 13. O-O d5 14. Ba2 Ng6 15.
c4 Rb8 16. b4 Bd4 17. Rb1 Qc7 18. Bg5 e4 19. dxe4 dxe4 20. Nxe4 Nxe4 21. Qxe4 c5
22. b5 Rfe8 23. Qf3 h6 24. Bd2 Nh4 25. Qg4 Qd8 26. bxa6 Ra8 27. Bxh6 Rxa6 28.
Bg5 Bf6 29. Rbd1 Qe7 30. Rd7 Bxg5 31. Rxe7 Bxe7 32. Qd7 Kf8 33. Bb1 Rxa3 34. Re1
Raa8 35. Qg4 Ra6 36. g3 Ng6 37. Qh5 Kg8 38. h4 Nf8 39. Qg4 Re6 40. Rxe6 Nxe6 41.
h5 Bg5 42. Bf5 Bh6 43. Bxe6 Rxe6 44. Qf5 Re1+ 45. Kg2 Re2 46. Qxc5 Rc2 47. Qc8+
Kh7 48. Qf5+ 1-0

[Event "Titled Tue 26th Aug Early"]
[Site "chess.com INT"]
[Date "2025.08.26"]
[Round "11"]
[White "Berikkyzy Alanna"]
[Black "Raghav V"]
[Result "1-0"]
[WhiteTitle "WFM"]
[BlackTitle "FM"]
[WhiteElo "2162"]
[BlackElo "2343"]
[WhiteFideId "13780719"]
[BlackFideId "25922475"]
[EventDate "2025.08.26"]

1. e4 e5 2. Nc3 Nc6 3. Bc4 Bc5 4. Qg4 Kf8 5. Nge2 Nf6 6. Qg3 d6 7. O-O Na5 8.
Bb3 Nxb3 9. axb3 Nh5 10. Qf3 g6 11. d3 Qf6 12. Bh6+ Ke8 13. Nd5 Qxf3 14. gxf3
Kd7 15. b4 c6 16. bxc5 cxd5 17. cxd6 Kxd6 18. Ra5 dxe4 19. fxe4 b6 20. Rd5+ Ke6
21. f4 exf4 22. Nxf4+ Nxf4 23. Bxf4 f6 24. Rd6+ Ke7 25. e5 fxe5 26. Bxe5 Rf8 27.
Rxf8 Kxf8 28. Rd8+ Ke7 29. Rh8 Ke6 30. d4 Bb7 31. Rxh7 Be4 32. c3 a5 33. Kf2 b5
34. Ke3 Bd5 35. Rg7 Kf5 36. Rd7 Be6 37. Rb7 Bc4 38. Rb6 a4 39. h3 Kg5 40. Bf4+
Kh5 41. d5 Re8+ 42. Kd4 Re2 43. d6 Rxb2 44. d7 Rb1 45. Bd2 Rd1 46. Ke3 Rh1 47.
d8=Q Rxh3+ 48. Kf2 Rh2+ 49. Kg3 Re2 50. Qh8# 1-0